| 000 | 00617nam a2200193 a 4500 | ||
|---|---|---|---|
| 001 | 000023089 | ||
| 005 | 20200930022000.0 | ||
| 008 | 101126s1999 sp c r 000 0 spa d | ||
| 020 | _a9592590397 | ||
| 040 |
_aDO-SdBNP _bspa _cBNPHU |
||
| 082 |
_axxxx _bA454c |
||
| 100 | 1 |
_aAlonso Hernández, carmen R. _947537 |
|
| 245 | 1 | 0 |
_aCien preguntas y respuestas sobre Cuba / _ccarmen R. Alfonso Hernández ; edición Fermín Romero Alfau. |
| 250 | _a8a ed. | ||
| 260 |
_aMadrid : _bPablo de la Torriente, _c1999. |
||
| 300 |
_a139 p. : _bretrs. ; _c21 cm. |
||
| 700 | 1 |
_aRomero Alfau, Fermín, _eed. _933134 |
|
| 049 | _aBNGR | ||
| 999 |
_c22586 _d22586 |
||